Poesie populaire et revolution au Nicaragua /
Gespeichert in:
| 1. Verfasser: | |
|---|---|
| Format: | Unbekannt |
| Veröffentlicht: |
Francia :
Université Paul Valéry,
1981.
|
| Schriftenreihe: | (Serie Iris ;
no. 1) |
| Schlagworte: | |
| Tags: |
Tag hinzufügen
Keine Tags, Fügen Sie den ersten Tag hinzu!
|
MARC
| LEADER | 000000000a22000000004500 | ||
|---|---|---|---|
| 001 | 003442 | ||
| 041 | 0 | |a fre, spa | |
| 082 | 0 | 4 | |a N860.9 |b P143p |
| 100 | 1 | |a Pailler, Claire | |
| 245 | 1 | 0 | |a Poesie populaire et revolution au Nicaragua / |c Claire Pailler. |
| 260 | 1 | |a Francia : |b Université Paul Valéry, |c 1981. | |
| 300 | |a 61 páginas | ||
| 490 | 1 | |a (Serie Iris ; |v no. 1) | |
| 650 | 4 | |a LITERATURA NICARAGUENSE | |
| 650 | 4 | |a POESIA | |
| 650 | 4 | |a LITERATURA Y SOCIEDAD | |
| 650 | 4 | |a LITERATURA Y REVOLUCION | |
| 650 | 4 | |a HISTORIA Y CRITICA | |
| 999 | |c 9666 |d 9666 | ||
| 942 | |c BK |h N860.9 P143p |2 z | ||
